| 000 | 00603nam a2200241Ia 4500 | ||
|---|---|---|---|
| 003 | OSt | ||
| 005 | 20220918191832.0 | ||
| 006 | a|||||r|||| 00| 0 | ||
| 007 | ta | ||
| 008 | 220917b |||||||| |||| 00| 0 eng d | ||
| 024 | _a65,340 | ||
| 037 | _cTextual | ||
| 040 |
_aARTS _cARTS _beng |
||
| 041 |
_2eng _aeng |
||
| 082 | _aQ8451v, K1 | ||
| 100 |
_aZaehner R C _923722 |
||
| 245 | 0 | _aDawn and Twilight of Zoroastrianism | |
| 260 | _c1961 | ||
| 490 | _aHistory of religion series | ||
| 650 | _aRELIGION | ||
| 942 |
_hQ8451v, K1 _cTEXL _2CC |
||
| 999 |
_c191589 _d191589 |
||